[Event "LSS No Engine Cup 12 Preliminary 3"]
[Site "LSS email"]
[Date "2009.12.11"]
[Round "?"]
[White "Recio Chicharro, Luis"]
[Black "Cummings, Thomas"]
[Result "1-0"]
[WhiteElo "1273"]
[BlackElo "805"]
[PlyCount "43"]
[EventDate "2009.12.12"]
[EventType "tourn (corr)"]
[EventRounds "6"]
[EventCountry "GER"]
[SourceTitle "Corr 2013"]
[Source "ChessBase"]
[SourceDate "2012.11.12"]
[SourceVersion "1"]
[SourceVersionDate "2012.11.12"]
[SourceQuality "1"]

1. e4 e5 2. Nf3 Nc6 3. Bc4 Bc5 4. 0-0 Nf6 5. c3 Nxe4 6. Qe2 d5 7. Bb5 a6 8. Bxc6+ bxc6 9. d3 Bxf2+ 10. Rxf2 Nxf2 11. Qxf2 Qd6 12. Bg5 h6 13. Bh4 0-0 14. Nbd2 c5 15. c4 d4 16. Ne4 Qc6 17. Nxe5 Qe6 18. Bg3 Rb8 19. Nxc5 Qe7 20. Nb3 Bb7 21. Nxd4 Rbd8 22. Ndc6 1-0

[Event "LSS OP-2009-0-00881"]
[Site "LSS email"]
[Date "2009.06.20"]
[Round "?"]
[White "Bester, Kazimierz"]
[Black "Cummings, Thomas"]
[Result "1/2-1/2"]
[WhiteElo "719"]
[BlackElo "778"]
[PlyCount "32"]
[EventDate "2009.06.15"]
[EventType "tourn (corr)"]
[EventRounds "4"]
[EventCountry "GER"]
[SourceTitle "Corr 2015"]
[Source "ChessBase"]
[SourceDate "2015.07.17"]
[SourceVersion "1"]
[SourceVersionDate "2015.07.17"]
[SourceQuality "1"]

1. c4 e5 2. Nc3 Nf6 3. e3 d6 4. Nge2 Bg4 5. f3 Bh5 6. Ng3 Na6 7. Be2 c5 8. Nd5 Nc7 9. e4 Ncxd5 10. cxd5 Be7 11. Nxh5 Nxh5 12. 0-0 0-0 13. d3 Bg5 14. b3 b6 15. Bxg5 Qxg5 16. Qe1 a5 1/2-1/2

[Event "LSS OP-2009-0-00778"]
[Site "LSS email"]
[Date "2009.03.05"]
[Round "?"]
[White "Cummings, Thomas"]
[Black "Roggensack, Hans Peter"]
[Result "0-1"]
[WhiteElo "800"]
[BlackElo "1900"]
[PlyCount "42"]
[EventDate "2009.03.01"]
[EventType "tourn (corr)"]
[EventRounds "4"]
[EventCountry "GER"]
[SourceTitle "Corr 2022"]
[Source "ChessBase"]
[SourceDate "2021.10.24"]
[SourceVersion "1"]
[SourceVersionDate "2021.10.24"]
[SourceQuality "1"]

1. e4 e5 2. Nf3 Nf6 3. Nxe5 Nxe4 4. Qe2 Qe7 5. Qxe4 d6 6. d4 dxe5 7. Qxe5 Qxe5+ 8. dxe5 Bf5 9. Bd3 Bxd3 10. cxd3 Nc6 11. 0-0 0-0-0 12. Rd1 Nb4 13. Rd2 Bc5 14. Nc3 Rhe8 15. Ne4 Rxe5 16. Rd1 Rxe4 17. Be3 Re5 18. d4 Red5 19. Rd2 Bxd4 20. Rad1 Bxe3 21. fxe3 Rxd2 0-1